Lazarillo de Tormes

Gespeichert in:
Bibliographische Detailangaben
1. Verfasser: Anónimo
Format: Buch
Sprache:Undetermined
Veröffentlicht: San José, Costa Rica EDUCA 1997
Ausgabe:2
Schlagworte:
Tags: Tag hinzufügen
Keine Tags, Fügen Sie den ersten Tag hinzu!

MARC

LEADER 00000nam a2200000Ia 4500
008 170316s9999 xx 000 0 und d
040 |a cru BVZT 
090 |a 862 A-28L 
100 |a Anónimo 
245 |a Lazarillo de Tormes 
250 |a 2 
260 |a San José, Costa Rica 
260 |b EDUCA 
260 |c 1997 
300 |a 95 páginas 
650 |a LITERATURA ESPAÑOLA 
999 |c 9407  |d 9407 
942 |c 15 D  |h 862 A-28L  |2 z